Digesto e predigesti: riflessioni e ipotesi di ricerca

Na minha lista:
Detalhes bibliográficos
Autor principal: Cenderelli, Aldo (Author)
Formato: Livro
Idioma:Língua italiana
Publicado em: Milán Doot. A. Giuffre 1983
Colecção:Pubblicazioni della Falcolta di Giurisprudenza Istituto Giuridico-Universita di Modena, 4
Assuntos:
Tags: Adicionar Tag
Sem tags, seja o primeiro a adicionar uma tag!

MARC

LEADER 00000nam a2200000 a 4500
001 UCV3562
003 CL-VaPUC
008 930908e19830000IT |||||||||||||||||ita|d
082 0 4 |a 340.54  |b CEN  |2 21 
100 0 |a Cenderelli, Aldo  |e author  |9 297806 
245 1 0 |a Digesto e predigesti: riflessioni e ipotesi di ricerca 
300 |a 63 p 
942 |c BK 
945 |d 19930908 00:00:00 
260 |a Milán  |b Doot. A. Giuffre  |c 1983 
650 0 |a Derecho romano  |9 255930 
583 |a last modification  |c 19930908 00:00:00  |k Rodrigo Vera 
490 0 |a Pubblicazioni della Falcolta di Giurisprudenza Istituto Giuridico-Universita di Modena, 4 
999 |c 210725  |d 210723 
952 |0 0  |1 0  |2 ddc  |4 0  |6 340_540000000000000_CEN_1983  |7 0  |8 DER_ROM  |9 187191  |a BIBDER  |b BIBDER  |d 2019-11-14  |i 2548860  |l 1  |o 340.54 CEN 1983  |p 2548860  |r 2023-01-25  |s 2020-03-19  |w 2019-11-14  |x Ubicación 4to piso  |y MX  |z Este recurso debe solicitarse con anticipación  |k DER